Isadora Moon : (Record no. 627)

MARC details
000 -CABECERA
campo de control de longitud fija 01505nam a22002774c 4500
003 - IDENTIFICADOR DE NUMERO DE CONTROL
campo de control AR-BaSMT
008 - CAMPOS DE LONGITUD FIJA
campo de control de longitud fija 260427b2025 aga|||br|||| 000 1|spa d
020 ## - ISBN: Indicadores indefinidos
Número ISBN 9789877383294
040 ## - FUENTE DE CATALOGACION
Agencia de catalogación original BSGB
Idioma de catalogación español
Agencia que realiza la transcripción BSGB
Convenciones de la descripción rda
041 1# - CODIGO DE IDIOMA
Código idioma ing
Idioma original inglés
080 ## - CDU
CDU completo 82-31
100 1# - PUNTO DE ACCESO PRINCIPAL
Nombre de persona Muncaster, Harriet
Enlace autoridades 252
245 10 - MENCION DE TITULO
Título Isadora Moon :
Subtítulo va de excursión
250 ## - MENCION DE EDICION
Mención de edición Octava edición
264 #1 - PRODUCCIÓN, PUBLICACIÓN, DISTRIBUCIÓN, ETC.
Lugar de publicación, etc. Buenos aires :
Nombre editor. Alfaguara ,
Fecha 2025
300 ## - DESCRIPCION FISICA
Extensión 128 páginas :
Otros detalles físicos ilustraciones color
336 ## - TIPO DE CONTENIDO
rdacontent rdacontent
texto texto
txt txt
337 ## - TIPO DE MEDIO
rdamedia rdamedia
sin mediación sin mediación
n n
338 ## - TIPO DE SOPORTE
rdacarrier rdacarrier
volumen volumen
nc nc
520 1# - NOTA DE SUMARIO, RESUMEN, ETC.
Toda la nota Isadora Moon es especial porque es diferente.<br/><br/>Su mamá es un hada, su papá un vampiro y ella tiene un poquito de los dos. Así que, cuando toda la familia va a acampar junto al mar, suceden algunas cosas que no son demasiado normales...<br/><br/>Dormir en una tienda de campaña, encender una hoguera, hacerse amiga de una sirena... ¡todo es especial cuando está Isadora!<br/><br/>Con una heroína única, «Isadora Moon» es una encantadora y divertida serie de lecturas ideal para jóvenes lectores que quieren flores y purpurina, pero a los que también les atrae el mundo misterioso de los vampiros.
URL, URI, etc. https://www.penguinlibros.com/ar/tematicas/12883-audiolibro-isadora-moon-2-isadora-moon-va-de-excursion-9788420451831<br/>
521 ## - NOTA DE PÚBLICO DESTINATARIO
Nota de audiencia A partir de 8 años
650 #7 - PUNTO DE ACCESO ADICIONAL DE MATERIA – TÉRMINO TEMÁTICO
Enlace autoridades 8
Término de materia o nombre geográfico como elemento de entrada LITERATURA INFANTIL
650 #7 - PUNTO DE ACCESO ADICIONAL DE MATERIA – TÉRMINO TEMÁTICO
Enlace autoridades 34
Término de materia o nombre geográfico como elemento de entrada NOVELA DE AVENTURAS
942 ## - ELEMENTOS AGREGADOS (KOHA)
CDU Clasificación Decimal Dewey
Tipo de ítem Libros
Holdings
Disponible Perdido Fuente de clasificación Estado Ubicación permanente Locación actual Estante o sala Fuente de adquisición Número de inventario Total préstamos Signatura topográfica Código de barras Numero de ejemplar Tipo de item de Koha Calificador de localización códificado
    Clasificación Decimal Dewey   Biblioteca Susana G. De Batemarco Biblioteca Susana G. De Batemarco Verde Compra Feria del Libro 2026 000874   82-31 MUN 000874 1 Libros  

Powered by Koha